[Event "Treviglio Province-ch"]
[Site "Treviglio"]
[Date "2014.01.26"]
[Round "5"]
[White "Folcini, Gaddo"]
[Black "Sorbera, Paolo"]
[Result "0-1"]
[WhiteElo "1579"]
[BlackElo "1696"]
[PlyCount "140"]
[EventDate "2014.01.18"]
[EventType "swiss"]
[EventRounds "6"]
[EventCountry "ITA"]
[SourceTitle "EXT 2016"]
[Source "ChessBase"]
[SourceDate "2015.10.08"]
[SourceVersion "1"]
[SourceVersionDate "2015.10.08"]
[SourceQuality "1"]

1. d4 Nf6 2. e4 Nxe4 3. Nf3 e6 4. Bd3 Nf6 5. 0-0 d5 6. Bg5 h6 7. Bxf6 Qxf6 8. Nbd2 Nc6 9. Bb5 a6 10. Bxc6+ bxc6 11. Ne5 Bb7 12. Ndf3 Bd6 13. c3 Qe7 14. Qa4 Bxe5 15. Nxe5 Qd6 16. Qc2 0-0 17. f4 f5 18. Rf3 Rf6 19. Qf2 Kh7 20. Re1 a5 21. g4 fxg4 22. Rg3 Raf8 23. Rxg4 g5 24. Qc2+ Rf5 25. fxg5 Rg8 26. g6+ Kg7 27. Qd2 Qe7 28. Nf7 Kf8 29. Qxh6+ Ke8 30. Qh7 Qf8 31. Rxe6+ Kd7 32. Re1 Rxf7 33. Qxf7+ Qxf7 34. gxf7 Rxg4+ 35. Kh1 Rf4 36. Re8 Rxf7 37. Rb8 Bc8 38. Ra8 Rf2 39. h4 c5 40. Rxa5 Rxb2 41. h5 Ke7 42. Rxc5 Kd6 43. a4 Bg4 44. h6 Bf3+ 45. Kg1 Rg2+ 46. Kf1 Rh2 47. a5 Be2+ 48. Ke1 Bc4 49. Kd1 Rxh6 50. Kc1 c6 51. Kb2 Rh3 52. a6 Rh2+ 53. Kb1 Bxa6 54. Ra5 Bb5 55. Ra8 Kc7 56. Rf8 Kb6 57. Rb8+ Ka5 58. Ra8+ Ba6 59. Rb8 Ka4 60. Rb4+ Ka3 61. Kc1 Bb5 62. Kd1 Ba4+ 63. Ke1 Rc2 64. Rb8 Rxc3 65. Kd2 Rc4 66. Ke3 Bb5 67. Rb7 Rc3+ 68. Kf4 Kb4 69. Ke5 Kc4 70. Rh7 Re3+ 0-1

[Event "Treviglio Province-ch"]
[Site "Treviglio"]
[Date "2014.01.26"]
[Round "6"]
[White "Sorbera, Paolo"]
[Black "Scarabelli, Maurizio"]
[Result "1/2-1/2"]
[WhiteElo "1696"]
[BlackElo "1791"]
[PlyCount "162"]
[EventDate "2014.01.18"]
[EventType "swiss"]
[EventRounds "6"]
[EventCountry "ITA"]
[SourceTitle "EXT 2016"]
[Source "ChessBase"]
[SourceDate "2015.10.08"]
[SourceVersion "1"]
[SourceVersionDate "2015.10.08"]
[SourceQuality "1"]

1. e4 c5 2. d4 cxd4 3. c3 dxc3 4. Nxc3 Nc6 5. Bc4 e6 6. Nf3 Qc7 7. 0-0 Nf6 8. h3 a6 9. Qe2 d6 10. Bg5 Be7 11. Rfd1 0-0 12. Bxf6 Bxf6 13. Rac1 Qe7 14. Bb3 Ne5 15. Nxe5 Bxe5 16. Rd3 Bd7 17. Qd2 Bc6 18. f4 Bxc3 19. Rdxc3 Bxe4 20. Ba4 b5 21. Rc7 Qf6 22. Bc2 Bxc2 23. R1xc2 d5 24. g3 Qf5 25. Kh2 Qe4 26. Qc3 h6 27. Qc6 Qe3 28. Qb7 Qd3 29. h4 d4 30. Kh3 Qf5+ 31. Kg2 d3 32. Rd2 Rab8 33. Qc6 Rbd8 34. Rd7 Rc8 35. Qd6 Qe4+ 36. Kf2 Rc1 37. Qxd3 Qe1+ 38. Kf3 Qh1+ 39. Ke3 Qg1+ 40. Ke4 Rc4+ 41. Kf3 Qh1+ 42. Ke3 Qe1+ 43. Kf3 f5 44. Re2 Qf1+ 45. Rf2 Qh1+ 46. Rg2 Rc1 47. Qd2 Rf1+ 48. Ke3 Re1+ 49. Kf3 Rc8 50. Rd8+ Rxd8 51. Qxd8+ Kh7 52. Qd2 Re4 53. Kf2 Qa1 54. b3 Qd4+ 55. Qxd4 Rxd4 56. Ke3 Rd6 57. Rc2 Kg6 58. Rc7 Kf6 59. h5 Rd1 60. Rc6 Rh1 61. Rxa6 Rxh5 62. Rb6 Rh2 63. a4 bxa4 64. bxa4 Ra2 65. Ra6 Ra3+ 66. Kf2 g5 67. Ra8 gxf4 68. gxf4 h5 69. a5 Kg7 70. a6 h4 71. Ra7+ Kf6 72. Ra8 Kf7 73. Ra7+ Ke8 74. Ra8+ Kd7 75. a7 Kc7 76. Re8 Rxa7 77. Rxe6 Ra2+ 78. Kg1 h3 79. Re5 Rg2+ 80. Kh1 Kd6 81. Rxf5 Ke6 1/2-1/2

[Event "Treviglio Province-ch"]
[Site "Treviglio"]
[Date "2014.01.19"]
[Round "2"]
[White "Sorbera, Paolo"]
[Black "Colonetti, Fabio"]
[Result "0-1"]
[WhiteElo "1696"]
[BlackElo "1475"]
[PlyCount "180"]
[EventDate "2014.01.18"]
[EventType "swiss"]
[EventRounds "6"]
[EventCountry "ITA"]
[SourceTitle "EXT 2016"]
[Source "ChessBase"]
[SourceDate "2015.10.08"]
[SourceVersion "1"]
[SourceVersionDate "2015.10.08"]
[SourceQuality "1"]

1. e4 Nf6 2. e5 Nd5 3. d4 d6 4. Nf3 g6 5. Bc4 Nb6 6. Bb3 Bg7 7. 0-0 0-0 8. Bf4 Nc6 9. exd6 cxd6 10. c3 d5 11. Qe2 Bf5 12. a3 Na5 13. Ba2 Nac4 14. b3 Na5 15. Nbd2 Rc8 16. Qb5 Nc6 17. Rac1 a6 18. Qe2 Bg4 19. h3 Bxf3 20. Nxf3 e6 21. h4 Qe7 22. a4 Na5 23. Qd2 Qa3 24. Rb1 Qe7 25. Rfc1 Nc6 26. Qe3 Bf6 27. h5 Nd7 28. b4 Nb6 29. Bb3 Nc4 30. Bxc4 dxc4 31. hxg6 fxg6 32. Ng5 Bxg5 33. Bxg5 Qf7 34. Bh6 Rfe8 35. Re1 Rcd8 36. b5 axb5 37. axb5 Na5 38. Qe4 Qf5 39. Qh4 Rd5 40. b6 Qh5 41. Qxh5 Rxh5 42. Bf4 Rf5 43. Re4 Nc6 44. Rbe1 Kf7 45. g4 Rb5 46. Bc7 Rb3 47. R1e3 Rb5 48. Rf3+ Kg7 49. Ref4 Rg5 50. Rf7+ Kg8 51. R7f4 h5 52. Rg3 Rf8 53. Rxf8+ Kxf8 54. Kh2 Rxg4 55. Rxg4 hxg4 56. Kg3 Kf7 57. Kxg4 Kf6 58. Kf4 Kf7 59. Ke4 Kf6 60. d5 Na5 61. d6 Nc6 62. f4 Kf7 63. Kf3 e5 64. fxe5 Nxe5+ 65. Kf4 Nd7 66. Ke4 Ke6 67. Kf4 Kf6 68. Bd8+ Ke6 69. Be7 Nxb6 70. Kg5 Nd5 71. Kxg6 Nxe7+ 72. dxe7 Kxe7 73. Kf5 Kd6 74. Ke4 Kc5 75. Ke3 b5 76. Kd2 Kd5 77. Ke3 Ke5 78. Kf3 Kd5 79. Ke3 Kc5 80. Kd2 Kb6 81. Kc2 Ka6 82. Kb2 Ka5 83. Ka3 Kb6 84. Kb2 Kc6 85. Kc2 Kd6 86. Kd2 Kc6 87. Kc2 Kc5 88. Kb2 Kd5 89. Kc2 Ke4 90. Kd2 Kf3 0-1